000 00233nam a22000977a 4500
100 _aChandralekha, K.
245 _aRubber Bordinte vikasanapadhathikal
260 _bRubber, 710(July): 12-14.
_c2025
300 _bMalayalam
942 _cJS
999 _c75553
_d75553